书目信息 |
| 题名: |
李鸿章与淮军
|
|
| 作者: | 丰吉 著 | |
| 分册: | ||
| 出版信息: | 沈阳 辽宁人民出版社 2008.01 |
|
| 页数: | 187页 | |
| 开本: | 24cm | |
| 丛书名: | ||
| 单 册: | ||
| 中图分类: | K827=52 , E295.2 | |
| 科图分类: | ||
| 主题词: | ||
| 电子资源: | ||
| ISBN: | 978-7-205-06309-2 | |
| 000 | 00836nam0 2200253 450 | |
| 001 | 012009011325 | |
| 005 | 20090624100257.18 | |
| 010 | @a978-7-205-06309-2@dCNY20.00 | |
| 100 | @a20090624d2008 em y0chi0120 ea | |
| 101 | 0 | @achi |
| 102 | @aCN@b210000 | |
| 105 | @aach z 000yy | |
| 106 | @ar | |
| 200 | 1 | @a李鸿章与淮军@Ali hong zhang yu huai jun@f丰吉著@Ffeng ji zhu |
| 210 | @a沈阳@c辽宁人民出版社@d2008.01 | |
| 215 | @a187页@c图, 肖像, 摹真@d24cm | |
| 330 | @a本书主要内容包括:李翰林遇上曾圣人,捉襟见肘办海军、法国人的“不胜而胜”、在朝鲜问题上的失算、抹不去脸颊上的弹痕等。 | |
| 600 | 0 | @a李鸿章,@Ali hong zhang@f1823-1901@x人物研究 |
| 600 | 0 | @a淮军@Ahuai jun@j史料 |
| 690 | @aK827=52@v4 | |
| 690 | @aE295.2@v4 | |
| 701 | 0 | @a丰吉@Afeng ji@4著 |
| 801 | 0 | @aCN@bQSSK@c20090624 |
| 905 | @b749190-92@dK827=52@eL179@f3 | |
| 李鸿章与淮军/丰吉著.-沈阳:辽宁人民出版社,2008.01 |
| 187页:图, 肖像, 摹真;24cm |
| ISBN 978-7-205-06309-2:CNY20.00 |
| 本书主要内容包括:李翰林遇上曾圣人,捉襟见肘办海军、法国人的“不胜而胜”、在朝鲜问题上的失算、抹不去脸颊上的弹痕等。 |
| ● |
| 相关链接 |
|
|
|
正题名:李鸿章与淮军
索取号:K827=52/L179
 
预约/预借
| 序号 | 登录号 | 条形码 | 馆藏地/架位号 | 状态 | 备注 |
| 1 | 749190 | 207491908 | 社科库309/309社科库 58排4列3层/ [索取号:K827=52/L179] | 在馆 | |
| 2 | 749191 | 207491917 | 社科库309/309社科库 58排4列3层/ [索取号:K827=52/L179] | 在馆 | |
| 3 | 749192 | 207491926 | 社科库309/309社科库 58排4列3层/ [索取号:K827=52/L179] | 在馆 |